[Event "Festival St-Denis"]
[Site "Montreal CAN"]
[Date "2017.07.30"]
[Round "9.7"]
[White "Voskanyan, Vahagn"]
[Black "Duong, Thanh Nha"]
[Result "1-0"]
[WhiteElo "2255"]
[BlackElo "2251"]
[PlyCount "101"]
[EventDate "2017.07.22"]
[EventType "swiss"]
[EventRounds "9"]
[EventCountry "CAN"]

1. e4 d6 2. d4 Nf6 3. Nc3 e5 4. dxe5 dxe5 5. Qxd8+ Kxd8 6. Bc4 Be6 7. Bxe6 fxe6
8. Nf3 Nbd7 9. Bd2 Bc5 10. O-O Ke7 11. Rad1 h6 12. Na4 Bd6 13. Rfe1 b5 14. Nc3
a6 15. a4 b4 16. Na2 a5 17. Nc1 g5 18. Nd3 c5 19. b3 Rhc8 20. Nb2 Nb6 21. h4 g4
22. Nh2 Rh8 23. Nf1 Rac8 24. Nc4 Bc7 25. Nfe3 Nxc4 26. Nxc4 Rcd8 27. g3 Kf7 28.
Bc1 Nxe4 29. Rxd8 Rxd8 30. Bxh6 Rd4 31. Kg2 Kf6 32. Be3 Rd5 33. Bc1 Nd6 34. Ne3
Rd4 35. Bb2 Re4 36. f3 gxf3+ 37. Kxf3 c4 38. Ng4+ Rxg4 39. Kxg4 c3 40. Bc1 Nf5
41. Bg5+ Kg7 42. Be3 e4 43. Bf4 Bxf4 44. Kxf4 Nd4 45. Kxe4 Nxc2 46. Rh1 Kh6 47.
Kd3 Na3 48. Re1 c2 49. Rxe6+ Kh5 50. Rc6 Kg4 51. Rxc2 1-0

[Event "CAN-ch"]
[Site "Montreal,CAN"]
[Date "2017.06.27"]
[Round "1.14"]
[White "Duong, Thanh Nha"]
[Black "Ostaci, Liviu"]
[Result "1-0"]
[WhiteElo "2163"]
[BlackElo "1624"]
[PlyCount "75"]
[EventDate "2017.06.27"]
[EventType "swiss"]
[EventRounds "9"]
[EventCountry "CAN"]
[WhiteTeam "Kanada"]
[BlackTeam "Kanada"]
[WhiteTeamCountry "CAN"]
[BlackTeamCountry "CAN"]

1. d4 e6 2. c4 Nf6 3. g3 c5 4. d5 exd5 5. cxd5 d6 6. Nc3 g6 7. Bg2 Bg7 8. Nf3
O-O 9. O-O Na6 10. Bf4 Nc7 11. a4 b6 12. e4 Bb7 13. Re1 a6 14. Qb3 Nce8 15. Nd2
Bc8 16. Nc4 Nd7 17. Nxd6 Nxd6 18. Bxd6 Re8 19. Bf4 g5 20. Be3 Ne5 21. f3 h6 22.
Rf1 Bf8 23. h3 Bd6 24. f4 Ng6 25. e5 Bf8 26. Ne4 Bg7 27. Nd6 Rf8 28. Nxc8 Qxc8
29. d6 Rb8 30. Rac1 gxf4 31. gxf4 Nh4 32. Bf2 Ng6 33. Bg3 b5 34. axb5 axb5 35.
Qe3 c4 36. f5 Nxe5 37. Bxe5 Re8 38. f6 1-0

[Event "CAN-ch"]
[Site "Montreal,CAN"]
[Date "2017.06.27"]
[Round "2.6"]
[White "Bolduc, Steve"]
[Black "Duong, Thanh Nha"]
[Result "0-1"]
[WhiteElo "2198"]
[BlackElo "2163"]
[PlyCount "70"]
[EventDate "2017.06.27"]
[EventType "swiss"]
[EventRounds "9"]
[EventCountry "CAN"]

1. d4 d6 2. e4 Nf6 3. Nc3 e5 4. Nf3 Nbd7 5. g4 h6 6. g5 hxg5 7. Bxg5 Be7 8. Qd2
c6 9. O-O-O Qc7 10. h4 b5 11. Re1 Bb7 12. Bd3 Rc8 13. Rhg1 g6 14. Ne2 a6 15.
dxe5 dxe5 16. c3 c5 17. Ng3 c4 18. Bc2 a5 19. a3 Nc5 20. Nxe5 Qxe5 21. f4 Qc7
22. e5 Nd5 23. f5 Bxg5 24. Qxg5 Qe7 25. f6 Qf8 26. e6 Qh6 27. Kb1 Qxg5 28. hxg5
Nxe6 29. Rxe6+ fxe6 30. Bxg6+ Kd7 31. Nh5 Rcf8 32. Kc1 Kd6 33. Rg4 Bc8 34. Ng3
e5 35. Ne4+ Kc6 0-1

[Event "CAN-ch"]
[Site "Montreal,CAN"]
[Date "2017.06.28"]
[Round "3.1"]
[White "Duong, Thanh Nha"]
[Black "Sambuev, Bator"]
[Result "0-1"]
[WhiteElo "2163"]
[BlackElo "2539"]
[PlyCount "110"]
[EventDate "2017.06.27"]
[EventType "swiss"]
[EventRounds "9"]
[EventCountry "CAN"]

1. e4 Nf6 2. d3 e5 3. Nf3 Nc6 4. Be2 g6 5. O-O Bg7 6. c4 O-O 7. Nc3 d6 8. Bg5
h6 9. Be3 Ng4 10. h3 Nxe3 11. fxe3 Ne7 12. Nd5 c6 13. Nxe7+ Qxe7 14. b4 Be6 15.
Rb1 a5 16. b5 d5 17. bxc6 bxc6 18. exd5 cxd5 19. Rb5 Rfd8 20. Qb1 Qa7 21. c5
Bd7 22. Rb6 Qc7 23. Rc1 Rab8 24. Kh1 Rdc8 25. Rxb8 Rxb8 26. Qc2 e4 27. dxe4 Rb2
28. Qd1 dxe4 29. Nd2 Bc6 30. Nc4 Qg3 31. Nxb2 Bxb2 32. Qg1 Be5 33. Bc4 Bd7 34.
Rf1 Bf5 35. c6 Kf8 36. Rf4 Bxf4 37. exf4 e3 38. Qf1 Be4 39. c7 Qxh3+ 40. Kg1
Qd7 41. Bxf7 Qxc7 42. Bc4 Ke7 43. a4 Qc5 44. Qe2 Qd4 45. Bb5 Kf6 46. Kh2 Qd2
47. Qg4 Qf2 48. Qg3 Qxg3+ 49. Kxg3 Ke6 50. Bc4+ Kd6 51. f5 gxf5 52. Kf4 Kc5 53.
Bf1 Kd4 54. g4 fxg4 55. Kxg4 Bd3 0-1

[Event "CAN-ch"]
[Site "Montreal,CAN"]
[Date "2017.06.28"]
[Round "4.7"]
[White "Beaulieu, Eric"]
[Black "Duong, Thanh Nha"]
[Result "1/2-1/2"]
[WhiteElo "2124"]
[BlackElo "2163"]
[PlyCount "133"]
[EventDate "2017.06.27"]
[EventType "swiss"]
[EventRounds "9"]
[EventCountry "CAN"]

1. d4 d6 2. c4 e5 3. Nf3 e4 4. Ng5 f5 5. g3 Nf6 6. Bg2 g6 7. Nc3 Bg7 8. O-O O-O
9. Rb1 h6 10. Nh3 g5 11. f4 exf3 12. exf3 a5 13. f4 g4 14. Nf2 h5 15. Re1 h4
16. b3 Nh5 17. Qd3 c6 18. d5 c5 19. Nb5 Na6 20. Bb2 Nc7 21. Bxg7 Kxg7 22. Nxc7
Qxc7 23. Qe3 Qf7 24. gxh4 Qf6 25. Nd3 Rf7 26. Qf2 Kh7 27. Re8 Ng7 28. Re2 Qc3
29. Re3 Qd4 30. a4 Bd7 31. Rbe1 Raf8 32. Qb2 Qxb2 33. Nxb2 Kg6 34. Nd3 Kh5 35.
h3 Kxh4 36. Kf2 Kh5 37. hxg4+ fxg4 38. Rh1+ Kg6 39. Be4+ Bf5 40. Rg1 Kh5 41.
Rh1+ Kg6 42. Rh4 Bxe4 43. Rxg4+ Kh5 44. Rg5+ Kh4 45. Rxe4 Rxf4+ 46. Rxf4+ Rxf4+
47. Nxf4 Kxg5 48. Kf3 Kf5 49. Ke3 Ke5 50. Ng6+ Kf6 51. Nf8 Nf5+ 52. Kd3 Nd4 53.
Kc3 Kf7 54. Nd7 Ke7 55. Nb6 Kd8 56. Kb2 Nf3 57. Kc3 Ne5 58. Kc2 Kc7 59. Na8+
Kd8 60. Nb6 Nd7 61. Nxd7 Kxd7 62. Kd3 Ke7 63. Ke4 Kf6 64. Kf4 b6 65. Ke4 Kg5
66. Ke3 Kf5 67. Kf3 1/2-1/2

[Event "CAN-ch"]
[Site "Montreal,CAN"]
[Date "2017.06.29"]
[Round "5.6"]
[White "Duong, Thanh Nha"]
[Black "Zhang, Yuanchen"]
[Result "0-1"]
[WhiteElo "2163"]
[BlackElo "2268"]
[PlyCount "118"]
[EventDate "2017.06.27"]
[EventType "swiss"]
[EventRounds "9"]
[EventCountry "CAN"]

1. Nf3 Nf6 2. c4 e6 3. Nc3 d5 4. d4 Be7 5. Bg5 O-O 6. e3 b6 7. cxd5 exd5 8. Bd3
Bb7 9. O-O Nbd7 10. Rc1 c5 11. Bb1 Re8 12. Qc2 Nf8 13. Ne5 Ne4 14. Bxe7 Qxe7
15. Rfe1 Rac8 16. f3 cxd4 17. exd4 Nxc3 18. bxc3 Qa3 19. Qb3 Qxb3 20. axb3 Rc7
21. Bf5 g6 22. Bh3 Bc8 23. g4 f6 24. Nd3 Rxe1+ 25. Nxe1 Ne6 26. Rc2 Nf4 27. Bf1
Kf7 28. Kf2 g5 29. Nd3 Ne6 30. Ke3 Ba6 31. Be2 Nf4 32. Nxf4 gxf4+ 33. Kf2 Bxe2
34. Kxe2 Re7+ 35. Kf2 Re3 36. h4 Kg6 37. Rc1 a5 38. Rc2 h5 39. gxh5+ Kxh5 40.
c4 Rxb3 41. cxd5 Rb5 42. Rc6 Rxd5 43. Rxb6 Rxd4 44. Rxf6 Kxh4 45. Rh6+ Kg5 46.
Ra6 a4 47. Kg2 Kf5 48. Ra5+ Ke6 49. Kh3 Kd6 50. Kg4 Kc6 51. Ra8 Kb5 52. Kf5 Kb4
53. Ke5 Rc4 54. Kd5 Kb3 55. Ra7 Rb4 56. Ra8 a3 57. Kc5 Ra4 58. Rb8+ Kc3 59. Rb1
a2 0-1

[Event "CAN-ch"]
[Site "Montreal,CAN"]
[Date "2017.06.29"]
[Round "6.7"]
[White "Chabot, Roland"]
[Black "Duong, Thanh Nha"]
[Result "1-0"]
[WhiteElo "2144"]
[BlackElo "2163"]
[PlyCount "192"]
[EventDate "2017.06.27"]
[EventType "swiss"]
[EventRounds "9"]
[EventCountry "CAN"]

1. d4 d6 2. Nf3 Bg4 3. c4 Bxf3 4. exf3 Nf6 5. Nc3 e6 6. d5 exd5 7. cxd5 Be7 8.
Be2 O-O 9. O-O c6 10. Be3 Nbd7 11. a4 Nb6 12. dxc6 bxc6 13. a5 Nbd5 14. Nxd5
Nxd5 15. Bd4 Bf6 16. Bc4 Nf4 17. Re1 d5 18. Ba6 Bxd4 19. Qxd4 Ne6 20. Qc3 Qc7
21. b4 Rfd8 22. g3 Rab8 23. Bd3 Qd6 24. Rab1 c5 25. bxc5 Qxc5 26. Qd2 d4 27. f4
Qc3 28. Qe2 Qxa5 29. Rxb8 Rxb8 30. f5 Nf8 31. h4 Qd8 32. Qa2 Rb7 33. Qa3 a5 34.
f6 gxf6 35. Re4 Ng6 36. Qa4 Qd7 37. Qxa5 Ne5 38. Rxe5 fxe5 39. Qxe5 Rb6 40.
Qg5+ Kf8 41. Qc5+ Qd6 42. Qc8+ Ke7 43. Bxh7 Rc6 44. Qb7+ Kf6 45. Be4 Rc7 46.
Qb5 Qe5 47. Qe2 Rc3 48. h5 Qg5 49. Bd3 Qc1+ 50. Kh2 Qg5 51. Kg2 Rc5 52. Qf3+
Kg7 53. g4 Re5 54. Kg3 Re1 55. Bc4 Qe5+ 56. Kh3 f6 57. Bd3 Kh6 58. Kg2 Kg5 59.
Bf5 Qf4 60. Qxf4+ Kxf4 61. h6 Re8 62. h7 Ke5 63. Kf3 Rh8 64. Ke2 Ra8 65. Kd3
Rd8 66. Kd2 Kf4 67. Ke2 Kg5 68. Kd3 Kh6 69. Ke2 Kg7 70. Kd3 Rd6 71. Kd2 Rb6 72.
Kd3 Rb4 73. Kd2 Rb3 74. Ke2 Rc3 75. Be4 Ra3 76. Bd3 Ra8 77. Kf3 Re8 78. Be4 Re5
79. Kf4 Re8 80. Kf3 Kh6 81. Kf4 Kg7 82. Kf3 Rd8 83. Bd3 Kh6 84. Kf4 Kg7 85. Kf3
Rb8 86. Ke2 Kh6 87. Kf3 Kg7 88. Ke2 Rb2+ 89. Kf3 Rd2 90. Bf5 Rd1 91. Ke2 Ra1
92. Kd3 Ra2 93. Kxd4 Rxf2 94. Kd5 Re2 95. Kd6 Re8 96. Kd7 Ra8 1-0

[Event "CAN-ch"]
[Site "Montreal,CAN"]
[Date "2017.06.30"]
[Round "7.9"]
[White "Duong, Thanh Nha"]
[Black "Talukdar, Rohan"]
[Result "0-1"]
[WhiteElo "2163"]
[BlackElo "2119"]
[PlyCount "80"]
[EventDate "2017.06.27"]
[EventType "swiss"]
[EventRounds "9"]
[EventCountry "CAN"]

1. b3 e5 2. Bb2 Nc6 3. c4 g6 4. g3 Bg7 5. Bg2 d6 6. e3 h5 7. Nf3 Nge7 8. O-O
O-O 9. d4 Bg4 10. d5 e4 11. Bxg7 Kxg7 12. dxc6 Nxc6 13. Nbd2 exf3 14. Bxf3 Ne5
15. Be2 d5 16. f4 Bxe2 17. Qxe2 Ng4 18. h3 Nf6 19. Rad1 c6 20. Qd3 Re8 21. Rfe1
Qa5 22. Qc2 Rad8 23. Qb2 Qb6 24. Kf2 Re6 25. Rc1 c5 26. Rcd1 Kg8 27. Kg2 Red6
28. Kh2 Qc6 29. Qc2 b6 30. cxd5 Qxd5 31. Nc4 Qxd1 32. Rxd1 Rxd1 33. a4 a6 34.
Qc3 b5 35. axb5 axb5 36. Qxf6 bxc4 37. g4 h4 38. Kg2 cxb3 39. f5 b2 40. fxg6
R8d2+ 0-1

[Event "CAN-ch"]
[Site "Montreal,CAN"]
[Date "2017.06.30"]
[Round "8.10"]
[White "Mills, Morgon"]
[Black "Duong, Thanh Nha"]
[Result "1-0"]
[WhiteElo "2011"]
[BlackElo "2163"]
[PlyCount "155"]
[EventDate "2017.06.27"]
[EventType "swiss"]
[EventRounds "9"]
[EventCountry "CAN"]

1. e4 c5 2. Nf3 d6 3. Bb5+ Nd7 4. O-O a6 5. Bxd7+ Bxd7 6. d4 cxd4 7. Qxd4 Qc7
8. c4 e6 9. Bg5 Rc8 10. b3 f6 11. Be3 Ne7 12. Qd2 Ng6 13. h3 Be7 14. a4 O-O 15.
Nc3 f5 16. exf5 Rxf5 17. Nd4 Rf7 18. Rad1 h6 19. Qd3 Nf8 20. Rc1 Rd8 21. f4 g6
22. f5 gxf5 23. Bxh6 Qc5 24. Be3 Qe5 25. Nde2 Qf6 26. Nf4 Bc6 27. Rce1 Re8 28.
Bd4 Qg5 29. Re3 Kh7 30. Rg3 Qg6 31. Be3 Qf6 32. Bd2 Kh8 33. Re1 Rg7 34. Rxg7
Qxg7 35. Re2 Rd8 36. b4 b6 37. Qe3 e5 38. Qxb6 Be8 39. Nfd5 Bh4 40. Be1 Qg5 41.
Bxh4 Qxh4 42. Qf2 Qg5 43. Ne4 Qh5 44. Ng3 Qh4 45. Qxf5 Nh7 46. Qg4 Qxg4 47.
hxg4 Bxa4 48. Ne3 Rc8 49. Ngf5 Rc6 50. Rd2 Ng5 51. Nxd6 Kg7 52. c5 Bb3 53. Nec4
Bxc4 54. Nxc4 Kf6 55. Ra2 e4 56. Kf2 Re6 57. Ke3 Nf7 58. Rf2+ Ke7 59. Rf4 Ng5
60. Nd6 Rg6 61. Nxe4 Ne6 62. Rf2 Rxg4 63. g3 Nc7 64. Kf3 Rg8 65. Rd2 Rb8 66.
Rd4 Nb5 67. Rd3 Nc7 68. c6 Ke6 69. Nc5+ Kf5 70. g4+ Kg5 71. Ne4+ Kh4 72. Rd6
Rf8+ 73. Rf6 Rh8 74. g5 Kh5 75. g6 Kh6 76. Kg4 Nd5 77. Rd6 Nxb4 78. Ng3 1-0

[Event "CMA Futurity 2017.04.14 ABCD"]
[Site "Montreal CAN"]
[Date "2017.04.14"]
[Round "1"]
[White "Masse, Hugues"]
[Black "Duong, Thanh Nha"]
[Result "1/2-1/2"]
[WhiteElo "2157"]
[BlackElo "2146"]
[PlyCount "172"]
[EventDate "2017.04.14"]
[EventType "tourn"]
[EventRounds "5"]
[EventCountry "CAN"]

1. d4 d6 2. Nf3 Bg4 3. c4 Bxf3 4. exf3 Nf6 5. Nc3 e6 6. Be3 Be7 7. Qb3 Qc8 8.
Be2 Nbd7 9. O-O O-O 10. d5 exd5 11. cxd5 c5 12. dxc6 bxc6 13. f4 d5 14. Rfd1
Bc5 15. Bxc5 Nxc5 16. Qc2 Qc7 17. g3 Rac8 18. Rac1 Qb6 19. Bf3 h5 20. b3 Rfe8
21. Qd2 Nce4 22. Bxe4 Nxe4 23. Nxe4 Rxe4 24. Qc2 Qa5 25. a4 h4 26. Kg2 Ree8 27.
Qc5 Qa6 28. Re1 Rxe1 29. Rxe1 Qb6 30. b4 Rb8 31. Re7 Qxb4 32. Qxa7 Rf8 33. a5
d4 34. a6 d3 35. Qd7 d2 36. Re2 Qb5 37. Rxd2 Qxa6 38. Rd6 Qc8 39. Qxc6 h3+ 40.
Kf3 Qf5 41. Qd5 Qb1 42. Rd8 Qb4 43. Kg4 g6 44. Rxf8+ Kxf8 45. Kxh3 Qe1 46. Kg2
Qb1 47. Qd8+ Kg7 48. Qd4+ Kg8 49. Qd5 Kg7 50. Qc6 Qd3 51. Qf3 Qf5 52. g4 Qc5
53. Kg3 Qc1 54. Kg2 Qc2 55. Kh3 Qc1 56. Kg2 Qc2 57. h3 Qc1 58. f5 g5 59. Qg3
Qc6+ 60. Kh2 Qf6 61. Qe3 Qd8 62. Qe5+ f6 63. Qg3 Qd2 64. Qc7+ Kh6 65. Qg3 Kg7
66. h4 gxh4 67. Qxh4 Qf4+ 68. Qg3 Qd2 69. Kg2 Qc1 70. Qf3 Qd2 71. Qe4 Qc3 72.
Kh2 Qc5 73. Kh3 Qc3+ 74. Kh4 Qc7 75. f4 Qa7 76. Kh5 Qf7+ 77. Kh4 Qa7 78. Qe2
Qb6 79. Qe1 Qc7 80. Qd2 Qb7 81. Qc1 Qg2 82. Qc7+ Kh6 83. g5+ fxg5+ 84. fxg5+
Qxg5+ 85. Kh3 Qxf5+ 86. Kg3 Qg5+ 1/2-1/2

[Event "CMA Futurity 2017.04.14 ABCD"]
[Site "Montreal CAN"]
[Date "2017.04.15"]
[Round "2"]
[White "Lopez Linares, Lizandro"]
[Black "Duong, Thanh Nha"]
[Result "1/2-1/2"]
[WhiteElo "2114"]
[BlackElo "2146"]
[PlyCount "71"]
[EventDate "2017.04.14"]
[EventType "tourn"]
[EventRounds "5"]
[EventCountry "CAN"]

1. d4 c5 2. c3 e6 3. Nf3 b6 4. e4 d5 5. dxc5 Bxc5 6. exd5 Qxd5 7. Qxd5 exd5 8.
b4 Bd6 9. Nd4 a6 10. Nd2 Ne7 11. Bd3 O-O 12. O-O Nbc6 13. N2f3 Bg4 14. Be3 Rfc8
15. Rfc1 Ne5 16. Nxe5 Bxe5 17. h3 Bd7 18. f4 Bf6 19. Kf2 h5 20. a4 h4 21. Ne2
b5 22. axb5 Bxb5 23. Bxb5 axb5 24. Bc5 Nf5 25. Kf3 g6 26. Rd1 Rxa1 27. Rxa1 Kg7
28. Ra7 Rd8 29. Rb7 d4 30. Nxd4 Nxd4+ 31. cxd4 Bxd4 32. Ke4 Bc3 33. Rxb5 Rd2
34. Kf3 Rd3+ 35. Ke2 Rd2+ 36. Kf3 1/2-1/2

[Event "CMA Futurity 2017.04.14 ABCD"]
[Site "Montreal CAN"]
[Date "2017.04.15"]
[Round "3"]
[White "Duong, Thanh Nha"]
[Black "Tomb, Maroun"]
[Result "1/2-1/2"]
[WhiteElo "2146"]
[BlackElo "2133"]
[PlyCount "153"]
[EventDate "2017.04.14"]
[EventType "tourn"]
[EventRounds "5"]
[EventCountry "CAN"]

1. e4 d6 2. Nf3 Nf6 3. d3 e5 4. g3 Be7 5. Bg2 O-O 6. O-O c5 7. c3 Nc6 8. Re1
Bg4 9. h3 Bh5 10. Qb3 Qd7 11. Nbd2 Rab8 12. a4 a6 13. Nh4 b5 14. axb5 axb5 15.
Nf5 Bd8 16. Nf1 Bg6 17. Nh4 Nh5 18. Nxg6 hxg6 19. Ne3 Bg5 20. h4 Bh6 21. Kh2
Kh8 22. Bh3 f5 23. Rf1 Ne7 24. d4 cxd4 25. cxd4 exd4 26. Nc2 Bxc1 27. Raxc1 Qb7
28. Nxd4 Qxe4 29. Ne6 Rfc8 30. Bg2 Qa4 31. Qe3 Ng8 32. Qg5 Qg4 33. Qxg4 fxg4
34. Be4 Ne7 35. Ng5 d5 36. Rxc8+ Rxc8 37. Bd3 Nf6 38. Ra1 b4 39. Nf7+ Kg8 40.
Ne5 Kh7 41. Ra6 Ne4 42. Ra7 Nc6 43. Nxc6 Rxc6 44. Kg2 Nc5 45. Be2 d4 46. Bc4
Rc8 47. b3 Kh6 48. f3 gxf3+ 49. Kxf3 Re8 50. Kf4 Re4+ 51. Kf3 Re3+ 52. Kf4 Re4+
53. Kf3 Re3+ 54. Kf4 Nd3+ 55. Bxd3 Rxd3 56. Rd7 Rxb3 57. Rxd4 Rb1 58. Rd8 Kh7
59. Rb8 b3 60. Kf3 Rf1+ 61. Kg2 Rb1 62. Kf3 g5 63. hxg5 Kg6 64. Rb5 b2 65. Kg2
Kh5 66. Kh2 Kg4 67. Kg2 g6 68. Rb4+ Kxg5 69. Rb8 Kf5 70. Rb5+ Ke4 71. Rb8 Kd5
72. Rd8+ Kc5 73. Rc8+ Kd6 74. Rb8 Kc6 75. Rb3 g5 76. Rb8 Kc7 77. Rb3 1/2-1/2

[Event "CMA Futurity 2017.04.14 ABCD"]
[Site "Montreal CAN"]
[Date "2017.04.16"]
[Round "5"]
[White "Duong, Thanh Nha"]
[Black "Leveille, Francois"]
[Result "1-0"]
[WhiteElo "2146"]
[BlackElo "2261"]
[PlyCount "93"]
[EventDate "2017.04.14"]
[EventType "tourn"]
[EventRounds "5"]
[EventCountry "CAN"]

1. b3 e5 2. Bb2 d6 3. e3 Nf6 4. d4 Nbd7 5. Nf3 e4 6. Nfd2 d5 7. c4 c6 8. Nc3 a6
9. Qc2 Bd6 10. Be2 h5 11. f3 exf3 12. gxf3 Bb4 13. a3 Ba5 14. O-O-O Nf8 15. Bd3
Be6 16. Rde1 Qc7 17. c5 Qd7 18. f4 Bh3 19. Rhg1 g6 20. Nf3 O-O-O 21. Ne5 Qe6
22. Qe2 Bf5 23. Bxa6 Bxc3 24. Bxc3 Ne4 25. Ba5 f6 26. Bxd8 Kxd8 27. Bxb7 fxe5
28. fxe5 Nd7 29. Qa6 Kc7 30. Qa7 Rb8 31. Ba6+ Kd8 32. b4 Qe7 33. Re2 Bg4 34.
Rc2 Qg5 35. Re1 Qh4 36. Rf1 Qh3 37. Re1 Qh4 38. Rf1 Qg5 39. Re1 Qf5 40. Bd3 Qf3
41. Qa5+ Ke7 42. Qc7 Bf5 43. Qxc6 Re8 44. Kb2 Be6 45. Bxe4 Qxe4 46. Rf2 Rf8 47.
Qd6+ 1-0

[Event "Trois-Riveres op"]
[Site "Trois-Rivieres CAN"]
[Date "2017.03.17"]
[Round "1.6"]
[White "Fortier, Marc-Andre"]
[Black "Duong, Thanh Nha"]
[Result "0-1"]
[WhiteElo "2102"]
[BlackElo "2250"]
[PlyCount "36"]
[EventDate "2017.03.17"]
[EventType "swiss"]
[EventRounds "5"]
[EventCountry "CAN"]

1. e4 d6 2. d4 Nf6 3. Nc3 Nbd7 4. Bc4 e5 5. Nf3 Be7 6. O-O c6 7. a4 Qc7 8. Be3
O-O 9. Bb3 b6 10. Qe2 a6 11. Rfd1 Bb7 12. Nh4 g6 13. Bh6 Rfc8 14. Nf3 exd4 15.
Ng5 Ne5 16. f4 Nfg4 17. fxe5 Nxh6 18. exd6 Bxd6 0-1

[Event "Trois-Riveres op"]
[Site "Trois-Rivieres CAN"]
[Date "2017.03.18"]
[Round "2.5"]
[White "Duong, Thanh Nha"]
[Black "Libersan, Thierry"]
[Result "1/2-1/2"]
[WhiteElo "2250"]
[BlackElo "2214"]
[PlyCount "169"]
[EventDate "2017.03.17"]
[EventType "swiss"]
[EventRounds "5"]
[EventCountry "CAN"]

1. d4 Nf6 2. c4 g6 3. Nc3 Bg7 4. e4 d6 5. h3 c5 6. d5 O-O 7. Bd3 e6 8. Nf3 exd5
9. exd5 Re8+ 10. Be3 Na6 11. O-O Nc7 12. Bg5 h6 13. Bh4 Rb8 14. Qd2 a6 15. a4
Bd7 16. Rfe1 b5 17. axb5 axb5 18. cxb5 Nxb5 19. Nxb5 Bxb5 20. Rxe8+ Qxe8 21.
Re1 Qf8 22. Bb1 Bc4 23. Qc3 g5 24. Bxg5 hxg5 25. Qxc4 Rb4 26. Qd3 g4 27. hxg4
Rxg4 28. Qf5 Qa8 29. Rd1 Qa4 30. Bc2 Qf4 31. Qc8+ Bf8 32. Kf1 Qh6 33. Qf5 Rf4
34. Qg5+ Qxg5 35. Nxg5 Rh4 36. Nh3 Bh6 37. Ke2 Rc4 38. Bf5 Rb4 39. g4 Rxb2+ 40.
Ke1 Nh7 41. f4 Rh2 42. g5 Bg7 43. Nf2 Bd4 44. Ne4 Be3 45. Nxd6 Bxf4 46. Bxh7+
Rxh7 47. Ne4 Rh1+ 48. Ke2 Rxd1 49. Kxd1 Kf8 50. Ke2 c4 51. Kf3 Be5 52. Nc5 Ke7
53. Ke4 Bb2 54. Nb7 Bc1 55. Kd4 Bxg5 56. Kxc4 Bf4 57. Kd4 Bc7 58. Ke4 Bh2 59.
Na5 Kd6 60. Nc4+ Kc5 61. Ne3 Kd6 62. Nf5+ Kd7 63. Kf3 Be5 64. Kg4 Kc7 65. Kf3
Kd7 66. Ke4 Bh2 67. Nh6 Ke7 68. Kf5 Kd6 69. Ke4 Ke7 70. Ng4 Bc7 71. Ne3 Kd7 72.
Nc4 Ke7 73. Kf5 Bh2 74. Nd2 Kd6 75. Ke4 f5+ 76. Kd4 Bg1+ 77. Kc4 Bb6 78. Nf3 f4
79. Ng5 Ba7 80. Nf7+ Kd7 81. Ne5+ Kd6 82. Nf3 Be3 83. Nh4 Ba7 84. Nf5+ Ke5 85.
Nh6 1/2-1/2

[Event "Trois-Riveres op"]
[Site "Trois-Rivieres CAN"]
[Date "2017.03.18"]
[Round "3.4"]
[White "Huang, Qiuyu"]
[Black "Duong, Thanh Nha"]
[Result "0-1"]
[WhiteElo "2238"]
[BlackElo "2250"]
[PlyCount "196"]
[EventDate "2017.03.17"]
[EventType "swiss"]
[EventRounds "5"]
[EventCountry "CAN"]

1. e4 d6 2. d4 Nf6 3. Nc3 e5 4. dxe5 dxe5 5. Qxd8+ Kxd8 6. Bg5 Be6 7. O-O-O+
Nbd7 8. f4 exf4 9. Nge2 Bd6 10. Nxf4 h6 11. Bxf6+ gxf6 12. Nfd5 Be5 13. Bd3 c6
14. Ne3 Kc7 15. Kb1 Rag8 16. Ne2 h5 17. h3 h4 18. c3 b5 19. Rhf1 a5 20. Nd4 Rg3
21. Rf3 Rxf3 22. Nxf3 Bf4 23. Nf5 Bg5 24. Re1 Ne5 25. Nxe5 fxe5 26. Ng7 Bd7 27.
Be2 Rg8 28. Nf5 Be6 29. Rd1 Bf6 30. Bg4 Rb8 31. Ne3 Bg5 32. Bxe6 fxe6 33. Ng4
Bf4 34. b3 c5 35. Nf6 Rf8 36. Ng4 Bg3 37. Kc2 Kc6 38. Kd3 Rd8+ 39. Ke2 Ra8 40.
Kd3 a4 41. b4 cxb4 42. cxb4 Bf4 43. Ke2 Rc8 44. Rd3 Kb7 45. a3 Rc4 46. Kf3 Kc7
47. Ne3 Rc1 48. Nd1 Ra1 49. Nc3 Kc6 50. Ne2 Rf1+ 51. Kg4 Rf2 52. Rc3+ Kd6 53.
Rc2 Bg3 54. Ra2 Kc6 55. Rc2+ Kb6 56. Ra2 Rxg2 57. Nc1 Rg1 58. Ne2 Rg2 59. Nc1
Rg1 60. Ne2 Re1 61. Rd2 Kc6 62. Rc2+ Kb6 63. Rd2 Bf2 64. Kf3 Bd4 65. Nxd4 exd4
66. Rxd4 Kc6 67. Rd3 e5 68. Re3 Rg1 69. Kf2 Rg8 70. Rd3 Rf8+ 71. Ke2 Rf4 72.
Ke3 Rf1 73. Ke2 Rh1 74. Kf2 Rh2+ 75. Kf1 Kb6 76. Re3 Rd2 77. Ke1 Rd4 78. Kf2
Rd8 79. Kf3 Rg8 80. Kf2 Kc6 81. Rd3 Rf8+ 82. Ke2 Rf4 83. Ke3 Rf1 84. Ke2 Rh1
85. Kf2 Rh2+ 86. Kf1 Kc7 87. Ke1 Rc2 88. Kd1 Rc4 89. Re3 Kd6 90. Ke2 Rc8 91.
Kf3 Rg8 92. Ke2 Ke6 93. Rf3 Rc8 94. Kd2 Rc4 95. Ke2 Rxe4+ 96. Kd3 Re1 97. Kd2
Rb1 98. Kc2 Rg1 0-1

[Event "Pere Noel"]
[Site "Montreal CAN"]
[Date "2016.12.26"]
[Round "1.11"]
[White "Destree, Frederic"]
[Black "Duong, Thanh Nha"]
[Result "0-1"]
[WhiteElo "1935"]
[BlackElo "2248"]
[PlyCount "104"]
[EventDate "2016.12.26"]
[EventType "swiss"]
[EventRounds "5"]
[EventCountry "CAN"]

1. Nf3 Nf6 2. g3 g6 3. Bg2 Bg7 4. O-O O-O 5. d3 d6 6. e4 c5 7. Re1 Nc6 8. c3 e5
9. h3 Re8 10. Nbd2 Rb8 11. a4 a6 12. Nc4 b5 13. axb5 axb5 14. Ne3 h6 15. Bd2
Be6 16. Qc2 Qd7 17. Ra6 Rec8 18. Kh2 Qb7 19. Rea1 Ne8 20. Nd5 Kh7 21. Be3 Ra8
22. Rxa8 Rxa8 23. Rxa8 Qxa8 24. d4 cxd4 25. cxd4 Nxd4 26. Bxd4 exd4 27. Nf4 Qa2
28. Qd2 Qc4 29. b3 Qc3 30. b4 Bc4 31. Nd5 Bxd5 32. exd5 Qxd2 33. Nxd2 Nc7 34.
Bf1 Nxd5 35. Bxb5 Nxb4 36. Kg2 d3 37. Kf1 d5 38. Ke1 Bc3 39. Kd1 Kg7 40. Nb3
Kf6 41. Nc1 d2 42. Ne2 d4 43. Bc4 Ke7 44. Nf4 Nc6 45. Nd5+ Kf8 46. f4 Na5 47.
Ba2 Nb7 48. Bb3 Nc5 49. Bc2 Ba5 50. g4 d3 51. Bb1 Ne4 52. Bxd3 Nf2+ 0-1

[Event "Pere Noel"]
[Site "Montreal CAN"]
[Date "2016.12.27"]
[Round "2.8"]
[White "Duong, Thanh Nha"]
[Black "Hetman, Jacob"]
[Result "1-0"]
[WhiteElo "2248"]
[BlackElo "1398"]
[PlyCount "59"]
[EventDate "2016.12.26"]
[EventType "swiss"]
[EventRounds "5"]
[EventCountry "CAN"]

1. d4 Nf6 2. c4 e6 3. g3 d5 4. Nf3 Nbd7 5. Bg2 Be7 6. O-O O-O 7. Nbd2 Nb6 8.
Qc2 Bd7 9. c5 Nc8 10. Ne5 Bb5 11. Re1 b6 12. a4 Be8 13. b4 a5 14. b5 bxc5 15.
dxc5 c6 16. b6 Rb8 17. Ba3 Kh8 18. Nb3 Nxb6 19. Nxa5 Nxa4 20. Qxa4 Ra8 21. Bb4
Nd7 22. Nexc6 Nb6 23. Qc2 Bxc6 24. Nxc6 Qc7 25. cxb6 Qxb6 26. Bxe7 Rfc8 27.
Rxa8 Rxa8 28. Ne5 f6 29. Nd7 h5 30. Nxf6 1-0

[Event "Pere Noel"]
[Site "Montreal CAN"]
[Date "2016.12.29"]
[Round "4.2"]
[White "Duong, Thanh Nha"]
[Black "Yu, Zong Yang"]
[Result "1/2-1/2"]
[WhiteElo "2248"]
[BlackElo "2476"]
[PlyCount "123"]
[EventDate "2016.12.26"]
[EventType "swiss"]
[EventRounds "5"]
[EventCountry "CAN"]

1. d4 Nf6 2. Bf4 g6 3. Nf3 Bg7 4. h3 O-O 5. e3 d6 6. Be2 Nc6 7. O-O Nd7 8. Bh2
e5 9. c3 f5 10. Nbd2 Qe7 11. b4 Kh8 12. Nb3 Nd8 13. Rc1 Ne6 14. c4 f4 15. d5
Ng5 16. Kh1 Nxf3 17. Bxf3 e4 18. Bg4 f3 19. gxf3 h5 20. Be6 exf3 21. Rg1 Rf6
22. Nd4 Ne5 23. Bxe5 dxe5 24. Nxf3 Bxe6 25. dxe6 Rd8 26. Qe2 Qxe6 27. Ng5 Qf5
28. Rg2 Bh6 29. h4 Bxg5 30. Rxg5 Qh3+ 31. Kg1 Rdf8 32. f4 exf4 33. exf4 Qxh4
34. Qe5 Qxf4 35. Qxf4 Rxf4 36. Rxg6 Rg8 37. Rxg8+ Kxg8 38. Kg2 h4 39. a3 Kf7
40. c5 Rd4 41. Rc3 Ke6 42. Re3+ Kd7 43. Kf3 Rc4 44. Ke2 Rg4 45. Re5 Rg2+ 46.
Kd3 Kc6 47. Kc4 Rg4+ 48. Kb3 a5 49. Ka4 axb4 50. axb4 Kd7 51. Rh5 Ke6 52. Rh7
c6 53. Rxb7 Kf5 54. Rh7 Ke4 55. Rh6 Kd5 56. Ka5 Rg8 57. Rxh4 Rb8 58. Ka6 Rb5
59. Rg4 Ke5 60. Rh4 Kd5 61. Rg4 Ke5 62. Rh4 1/2-1/2